| 000 -ლიდერი |
| ფიქსირებული სიგრძის საკონტროლო ველი |
01274nam a22002297a 4500 |
| 003 - საკონტროლო ნომრის იდენტიფიკატორი |
| საკონტროლო ველი |
Ge_BSU |
| 005 - ბოლო ოპერაციის თარიღი და დრო |
| საკონტროლო ველი |
20221122113917.0 |
| 008 - ფიქსირებული სიგრძის მონაცემთა ელემენტები - ზოგადი ინფორმაცია |
| ფიქსირებული სიგრძის საკონტროლო ველი |
221122s1971ge xxu||||| |||| 00| 0 geo d |
| 041 ## - ენის კოდი |
| Language code of text/sound track or separate title |
geo |
| 080 ## - უნივერსალური ათობითი კლასიფიკაციის ინდექსი |
| Universal Decimal Classification number |
821.163.2-31 ვ-11 |
| 100 ## - მთავარი ჩანაწერი - პიროვნების სახელი |
| Personal name |
ვაზოვი, ივან, 1850-1921, ავტორი. |
| 9 (RLIN) |
15977 |
| 245 ## - ცნობა სათაურის შესახებ |
| Title |
დამონებულნი : |
| Remainder of title |
[ბულგარელი მწერლის რომანი] / |
| Statement of responsibility, etc |
ივან ვაზოვი ; [თარგმნა თ. სახოკიამ ; ო. გვინჩაძის წინასიტყვ.]. |
| 264 ## - წარმოების, გამოცემის, დისტრიბუციის და სხვა ცნობები |
| გამოცემის, წარმოების, დისტრიბუციის... ადგილი |
თბილისი : |
| გამოცემის, წარმოების, დისტრიბუციის... სახელწოდება |
საბჭოთა საქართველო, |
| გამოცემის, წარმოების, დისტრიბუციის... თარიღი |
1971. |
| 300 ## - ფიზიკური აღწერა |
| Extent |
513 გვ. : |
| Other physical details |
1 ფ. პორტრ. ; |
| Dimensions |
21 სმ. |
| 440 ## - სერიის ცნობა / დამატებულია ჩანაწერი - სათაური |
| Title |
მსოფლიო ლიტერატურის ბიბლიოთეკა ; ტ. 59 სერია პირველი |
| 9 (RLIN) |
15978 |
| 653 ## - INDEX TERM--UNCONTROLLED |
| Uncontrolled term |
დამონებულნი |
| 653 ## - INDEX TERM--UNCONTROLLED |
| Uncontrolled term |
რომანი |
| 653 ## - INDEX TERM--UNCONTROLLED |
| Uncontrolled term |
მხატვრული ლიტერატურა |
| 700 ## - ADDED ENTRY--PERSONAL NAME |
| Personal name |
სახოკია, თ |
| Relator term |
მთარგმნელი |
| 9 (RLIN) |
15979 |
| 700 ## - ADDED ENTRY--PERSONAL NAME |
| Personal name |
გვინჩაძე, ო |
| Relator term |
წინასიტყვაობა |
| 9 (RLIN) |
15980 |
| 942 ## - ADDED ENTRY ELEMENTS (KOHA) |
| Source of classification or shelving scheme |
|
| Koha item type |
წიგნი |